00507nam a2200181 450000100060000000300080000600500170001400800410003103500190007204000260009104100080011708200180012510000270014324500710017026000480024130000200028965000160030935365BD-RjUL20211209052316.0140524s1960 nyu |||| |||| 000 0 eng d a(BD-RjUL)35459 aBD-RjULbengcBD-RjUL aeng04a519bBRS 19601 aBryant, Edward Clarke.10aSolutions manual for statistical analysis /cEdward Clarke Bryant. aNew York ; aLondon :bMcGraw-Hill,cc1960. a43 p. ;c18 cm. 0aStatistics.